| 000 | 02866nam a2200421 i 4500 | ||
|---|---|---|---|
| 001 | 193467 | ||
| 003 | SpMaBN | ||
| 005 | 20250709183330.0 | ||
| 007 | ta | ||
| 008 | 240102s2014 sp a | |||| 000 0 spa | ||
| 017 |
_aAL 606-2014 _bOficina Depósito Legal Almería |
||
| 020 | _a9788490764268 | ||
| 035 | _a(OCoLC)892541743 | ||
| 035 | _aa5541169 | ||
| 040 |
_aSpMaBN _bspa _cSpMaBN _erdc _dES-MaACL |
||
| 080 | _a159.928.23 | ||
| 080 | _a159.942-053.2 | ||
| 100 | 1 |
_aLópez Expósito, Ana María _0XX1618834 _9176562 |
|
| 245 | 1 | 0 |
_aNube, cuéntame un cuento : _b(inteligencia emocional, habilidades sociales, lenguaje no verbal, autoestima, empatía--) / _cAna María López Expósito |
| 250 | _a1ª ed. | ||
| 260 |
_a[El Ejido] : _bCírculo Rojo, _c2014. |
||
| 300 |
_a226 p. : _bil. col. y n. ; _c21 cm |
||
| 336 |
_aTexto (visual) _2isbdcontent |
||
| 337 |
_asin mediación _2isbdmedia |
||
| 338 |
_2rdacarrier _avolumen |
||
| 490 | 1 | _aDocencia | |
| 520 | _a¿Piensas en la inteligencia emocional como la capacidad para reconocer sentimientos propios y ajenos, y la habilidad para manejarlos? ¿Pretendes conocer los ingredientes que, bien combinados, hacen que unas personas sean más felices que otras? ¿Te gustaría ser el profesor que ayude a sus alumnos a ser personas emocionalmente sanas, con una actitud positiva ante la vida, que sepan expresar y controlar sus sentimientos, que conecten con las emociones de otras personas, qué tengan autonomía y capacidad para tomar decisiones adecuadas? ¿Quieres ser la escuela que plantee enseñar a los alumnos a ser emocionalmente más inteligentes, dotándoles de estrategias y habilidades emocionales básicas que les protejan de los efectos negativos? Si es así, Nube, cuéntame un cuento es tu proyecto. A través de la lectura de estos cuentos, dirigidos a alumnos de E. Infantil, E. primaria y E. Secundaria y siguiendo sus propuestas didácticas, los profesores consiguen que sus alumnos mejoren su autoestima y consecuentemente su rendimiento escolar. Proyecto increíblemente útil, eficiente y provechoso para cualquier persona que desee mejorar en el campo vital de la inteligencia emocional. | ||
| 650 | 4 |
_aInteligencia emocional _2embne _913865 |
|
| 650 | 7 |
_aEmociones en niños _9166232 |
|
| 830 |
_aDocencia (Círculo Rojo) _9234750 |
||
| 852 |
_aES-MaACL _bR.154849 _cDEPOJ _9200945 _jN-9714 _hDonación: Ana María López Expósito _gDedicatoria autógrafa de la autora _xEncuadernación rústica con solapas |
||
| 903 |
_aLópez Expósito, Ana María _ednr _9176562 |
||
| 942 |
_n0 _cMONOGRAFIA |
||
| 999 |
_c193467 _d193467 |
||